Federated States of Micronesia : 2021 Article IV Consultation-Press Release; Staff Report; and Statement by the Executive Director for the Federated States of Micronesia.

The COVID-19 pandemic and related containment measures have put severe strains on the economy. The economic policy response has been strong and generally appropriate, helping counter the negative effects of the pandemic. Nevertheless, as the international borders remain shut, the economic contractio...

Ful tanımlama

Detaylı Bibliyografya
Müşterek Yazar: International Monetary Fund. Asia and Pacific Dept
Materyal Türü: Dergi
Dil:English
Baskı/Yayın Bilgisi: Washington, D.C. : International Monetary Fund, 2021.
Seri Bilgileri:IMF Staff Country Reports; Country Report ; No. 2021/237
Konular:
Online Erişim:Full text available on IMF
LEADER 01998cas a2200277 a 4500
001 AALejournalIMF022152
008 230101c9999 xx r poo 0 0eng d
020 |c 5.00 USD 
020 |z 9781616350932 
022 |a 1934-7685 
040 |a BD-DhAAL  |c BD-DhAAL 
110 2 |a International Monetary Fund.  |b Asia and Pacific Dept. 
245 1 0 |a Federated States of Micronesia :   |b 2021 Article IV Consultation-Press Release; Staff Report; and Statement by the Executive Director for the Federated States of Micronesia. 
264 1 |a Washington, D.C. :  |b International Monetary Fund,  |c 2021. 
300 |a 1 online resource (81 pages) 
490 1 |a IMF Staff Country Reports 
500 |a <strong>Off-Campus Access:</strong> No User ID or Password Required 
500 |a <strong>On-Campus Access:</strong> No User ID or Password Required 
506 |a Electronic access restricted to authorized BRAC University faculty, staff and students 
520 3 |a The COVID-19 pandemic and related containment measures have put severe strains on the economy. The economic policy response has been strong and generally appropriate, helping counter the negative effects of the pandemic. Nevertheless, as the international borders remain shut, the economic contraction is likely to deepen in FY2021. A slow recovery is expected for FY2022 driven by a gradual border reopening. The FSM is facing significant medium-term uncertainty, owing to the possible expiration of grants and other assistance provided under the Compact Agreement with the United States. The FSM is also highly vulnerable to climate change-induced natural disasters. 
538 |a Mode of access: Internet 
650 7 |a International Agreements and Observance  |2 imf 
650 7 |a International Organizations  |2 imf 
650 7 |a Monetary Policy  |2 imf 
830 0 |a IMF Staff Country Reports; Country Report ;  |v No. 2021/237 
856 4 0 |z Full text available on IMF  |u http://elibrary.imf.org/view/journals/002/2021/237/002.2021.issue-237-en.xml  |z IMF e-Library